Best Players Kevin Durant Has Played With - Statistics

General Stats
  • This quiz has been taken 156 times
  • The average score is 10 of 23
Answer Stats
Rank Answer % Correct
1. Steph Curry
99%
3. Russell Westbrook
97%
2. James Harden
93%
15. David West
91%
5. Klay Thompson
90%
6. Draymond Green
88%
9. Devin Booker
85%
7. Kyrie Irving
82%
4. Chris Paul
60%
16. Serge Ibaka
59%
12. Bradley Beal
53%
10. Blake Griffin
34%
8. Demarcus Cousins
28%
17. Ben Simmons
19%
22. Jarret Allen
19%
11. LaMarcus Aldridge
15%
20. Deandre Jordan
10%
21. Andre Drummond
5%
18. Caron Butler
3%
13. Andre Igudola
2%
19. Goran Dragic
2%
23. Jamal Crawford
1%
14. Paul Milsap
1%
No matching quizzes found
Score Distribution
Percent of People with Each Score
Percentile by Number Answered
Your Score History
You have not taken this quiz